[Event "Titled Tuesday intern op 24th Sep Late"]
[Site "Chess.com INT"]
[Date "2024.09.24"]
[Round "7"]
[White "Hajiyev, Kanan"]
[Black "Voicu, Teodor Mihnea"]
[Result "0-1"]
[WhiteElo "2109"]
[BlackElo "2172"]
[PlyCount "64"]
[EventDate "2024.09.24"]
[EventType "swiss (blitz)"]
[EventRounds "11"]
[EventCountry "USA"]
[SourceTitle "EXT 2025"]
[Source "ChessBase"]
[SourceDate "2024.10.14"]
[SourceVersion "1"]
[SourceVersionDate "2024.10.14"]
[SourceQuality "1"]

1. d4 Nf6 2. Nf3 d5 3. c4 e6 4. cxd5 exd5 5. Nc3 h6 6. Bf4 Be7 7. Qc2 a6 8. e3 0-0 9. Bd3 Nbd7 10. 0-0 b6 11. Ne5 Bb7 12. Ne2 c5 13. Bf5 Re8 14. Rfd1 Nf8 15. Bg3 Bd6 16. f4 Ne6 17. Bh4 cxd4 18. exd4 Rc8 19. Qd3 Be7 20. Re1 Ne4 21. Bg3 Bd6 22. Nc3 Nxg3 23. Qxg3 Rc7 24. Rad1 Qf6 25. Rf1 Qxf5 26. Qf3 Bxe5 27. dxe5 d4 28. g4 Bxf3 29. gxf5 Bxd1 30. fxe6 dxc3 31. exf7+ Rxf7 32. Rxd1 cxb2 0-1

[Event "Titled Tuesday intern op 24th Sep Late"]
[Site "Chess.com INT"]
[Date "2024.09.24"]
[Round "3"]
[White "Haszon, David"]
[Black "Voicu, Teodor Mihnea"]
[Result "0-1"]
[WhiteElo "2248"]
[BlackElo "2172"]
[PlyCount "50"]
[EventDate "2024.09.24"]
[EventType "swiss (blitz)"]
[EventRounds "11"]
[EventCountry "USA"]
[SourceTitle "EXT 2025"]
[Source "ChessBase"]
[SourceDate "2024.10.14"]
[SourceVersion "1"]
[SourceVersionDate "2024.10.14"]
[SourceQuality "1"]

1. d4 Nf6 2. c4 e6 3. Nc3 Bb4 4. Qc2 0-0 5. f3 d5 6. cxd5 exd5 7. e3 Re8 8. Bd3 Nbd7 9. Nge2 c5 10. 0-0 c4 11. Bf5 Nf8 12. Bxc8 Rxc8 13. e4 dxe4 14. fxe4 Bxc3 15. Nxc3 Qxd4+ 16. Kh1 Nxe4 17. Nxe4 Qxe4 18. Qf2 Qg6 19. Qxa7 b5 20. Bf4 Ne6 21. Be5 Nc5 22. Bc3 Re2 23. Rg1 Ne4 24. Raf1 Ng3+ 25. hxg3 Qh5# 0-1

[Event "Titled Tuesday intern op 24th Sep Early"]
[Site "Chess.com INT"]
[Date "2024.09.24"]
[Round "4"]
[White "Voicu, Teodor Mihnea"]
[Black "Bernadskiy, Vitaliy"]
[Result "0-1"]
[WhiteElo "2172"]
[BlackElo "2530"]
[PlyCount "116"]
[EventDate "2024.09.24"]
[EventType "swiss (blitz)"]
[EventRounds "11"]
[EventCountry "USA"]
[SourceTitle "EXT 2025"]
[Source "ChessBase"]
[SourceDate "2024.10.14"]
[SourceVersion "1"]
[SourceVersionDate "2024.10.14"]
[SourceQuality "1"]

1. d4 Nf6 2. c4 b6 3. Nc3 Bb7 4. Bf4 e6 5. e3 Bb4 6. Nge2 0-0 7. a3 Be7 8. h3 d6 9. Bh2 c5 10. d5 exd5 11. cxd5 Ba6 12. g4 Nbd7 13. Nf4 Bxf1 14. Kxf1 Ne5 15. Nd3 Ng6 16. Bg3 Nd7 17. Kg2 f5 18. gxf5 Rxf5 19. Qg4 Rg5 20. Qe6+ Kh8 21. h4 Rh5 22. Nf4 Nxf4+ 23. Bxf4 Nf8 24. Qg4 Qe8 25. Bg3 Nd7 26. Rad1 Bf6 27. Ne4 Ne5 28. Qe6 Qg6 29. Nxd6 Rf8 30. e4 c4 31. f4 Nd3 32. Rdf1 Bxb2 33. Qxg6 hxg6 34. Nxc4 Bf6 35. Rf3 Nc5 36. e5 Bd8 37. Rd1 Ne4 38. Rd4 Nxg3 39. Kxg3 Bxh4+ 40. Kg2 Bd8 41. Rh3 Kg8 42. Rxh5 gxh5 43. Kf3 g5 44. f5 Rxf5+ 45. Ke3 h4 46. e6 Bf6 47. Rd2 Rf1 48. d6 Re1+ 49. Re2 Rxe2+ 50. Kxe2 h3 51. Kf2 g4 52. Ne5 g3+ 53. Kf3 g2 54. Kf2 Bxe5 55. e7 Kf7 56. a4 Bxd6 57. e8Q+ Kxe8 58. Kg1 Bc5+ 0-1

[Event "Titled Tuesday intern op 24th Sep Late"]
[Site "Chess.com INT"]
[Date "2024.09.24"]
[Round "4"]
[White "Voicu, Teodor Mihnea"]
[Black "Bernadskiy, Vitaliy"]
[Result "0-1"]
[WhiteElo "2172"]
[BlackElo "2530"]
[PlyCount "152"]
[EventDate "2024.09.24"]
[EventType "swiss (blitz)"]
[EventRounds "11"]
[EventCountry "USA"]
[SourceTitle "EXT 2025"]
[Source "ChessBase"]
[SourceDate "2024.10.14"]
[SourceVersion "1"]
[SourceVersionDate "2024.10.14"]
[SourceQuality "1"]

1. d4 d5 2. c4 dxc4 3. e3 e5 4. Bxc4 Nc6 5. Ne2 exd4 6. exd4 Nf6 7. Nbc3 Bd6 8. 0-0 0-0 9. h3 Re8 10. Qd3 Nb4 11. Qf3 Bd7 12. Bg5 Be7 13. Rad1 h6 14. Bxf6 Bxf6 15. Qxb7 a5 16. Qf3 Bc6 17. d5 Bd7 18. a3 Na6 19. Nd4 Qb8 20. d6 Qxb2 21. Ne4 Bxd4 22. Qxf7+ Kh8 23. Qxd7 Rxe4 24. Bxa6 cxd6 25. Bb7 Ree8 26. Bxa8 Rxa8 27. Qxd6 Bf6 28. Rfe1 Rb8 29. a4 Rc8 30. Qd7 Qb8 31. Qb5 Qa8 32. Rd5 Bc3 33. Red1 Rf8 34. Qb6 Bf6 35. Qxa5 Qe8 36. Qd2 Qxa4 37. Re1 Qc4 38. Qd3 Qb4 39. Rd1 Qf4 40. Qe2 Qa4 41. Rd7 Rb8 42. g3 Qc6 43. R7d6 Qc3 44. Qd2 Qf3 45. Re1 Rf8 46. Qe3 Qf5 47. Rd2 Qxh3 48. Qe4 Qc8 49. Rde2 Qc3 50. Qg6 Bd4 51. Rf1 Qf3 52. Re8 Rxe8 53. Qxe8+ Kh7 54. Qb8 Bf6 55. Qf4 Qxf4 56. gxf4 Kg6 57. Kg2 Kf5 58. Kf3 g5 59. fxg5 hxg5 60. Rg1 Be5 61. Rg4 Bf4 62. Rg1 Be5 63. Rd1 g4+ 64. Kg2 Ke4 65. Re1+ Kf4 66. Rb1 Kf5 67. Rb4 Bf4 68. Kf1 Be5 69. Ke2 Bd6 70. Rb5+ Ke4 71. Rg5 Kf4 72. Rg7 Be5 73. Kd3 Bxg7 74. Ke2 Be5 75. Kf1 Kf3 76. Kg1 Bd4 0-1

[Event "Titled Tuesday intern op 24th Sep Late"]
[Site "Chess.com INT"]
[Date "2024.09.24"]
[Round "6"]
[White "Voicu, Teodor Mihnea"]
[Black "Mizzi, Jack"]
[Result "1-0"]
[WhiteElo "2172"]
[BlackElo "2053"]
[PlyCount "51"]
[EventDate "2024.09.24"]
[EventType "swiss (blitz)"]
[EventRounds "11"]
[EventCountry "USA"]
[SourceTitle "EXT 2025"]
[Source "ChessBase"]
[SourceDate "2024.10.14"]
[SourceVersion "1"]
[SourceVersionDate "2024.10.14"]
[SourceQuality "1"]

1. d4 Nf6 2. c4 e6 3. Nc3 Bb4 4. e3 b6 5. Nge2 Bb7 6. a3 Bxc3+ 7. Nxc3 0-0 8. Bd3 d6 9. 0-0 Nbd7 10. b3 c5 11. Re1 Rc8 12. Nb5 Qe7 13. Nxa7 Ra8 14. Nb5 d5 15. Bb2 e5 16. dxe5 Nxe5 17. cxd5 Bxd5 18. Nc3 Bc6 19. Bf1 Rad8 20. Qc2 Nfg4 21. h3 Qh4 22. e4 Nf6 23. Nd5 Qg5 24. Ne7+ Kh8 25. Bxe5 Qxe5 26. Nxc6 1-0

[Event "Titled Tuesday intern op 24th Sep Late"]
[Site "Chess.com INT"]
[Date "2024.09.24"]
[Round "11"]
[White "Voicu, Teodor Mihnea"]
[Black "Prraneeth, Vuppala"]
[Result "1-0"]
[WhiteElo "2172"]
[BlackElo "2448"]
[PlyCount "131"]
[EventDate "2024.09.24"]
[EventType "swiss (blitz)"]
[EventRounds "11"]
[EventCountry "USA"]
[SourceTitle "EXT 2025"]
[Source "ChessBase"]
[SourceDate "2024.10.14"]
[SourceVersion "1"]
[SourceVersionDate "2024.10.14"]
[SourceQuality "1"]

1. d4 a6 2. e4 c6 3. Nf3 d5 4. Nbd2 Bg4 5. Bd3 e6 6. 0-0 Nd7 7. Qe2 Bd6 8. c3 Ne7 9. h3 Bh5 10. e5 Bc7 11. Re1 Bg6 12. Nf1 h6 13. Ng3 c5 14. Nh4 Bxd3 15. Qxd3 g5 16. Nf3 c4 17. Qc2 Ng6 18. b3 Qe7 19. bxc4 dxc4 20. a4 Nb6 21. Ba3 Qd7 22. Ne4 0-0-0 23. Bd6 Nf4 24. Reb1 Qc6 25. a5 Nbd5 26. Ra4 f5 27. Ned2 Bxd6 28. Rxc4 Bc7 29. Rxc6 bxc6 30. c4 Nc3 31. Rb2 Nce2+ 32. Kh1 Nxd4 33. Nxd4 Rxd4 34. Nf3 Re4 35. Qb3 Kd7 36. Rd2+ Kc8 37. Qa4 Rd8 38. Rxd8+ Kxd8 39. Qxc6 Re2 40. Qxa6 g4 41. hxg4 fxg4 42. Nd4 Re1+ 43. Kh2 Bxe5 44. Nc6+ Kc7 45. Nxe5 Rxe5 46. Qa7+ Kc6 47. Qb6+ Kd7 48. Qd4+ Nd5 49. Qxe5 g3+ 50. fxg3 Ne7 51. a6 Nc6 52. Qg7+ Kd6 53. a7 Nxa7 54. Qxa7 Ke5 55. Qc7+ Kf6 56. Qh7 e5 57. Qxh6+ Kf5 58. Qg7 e4 59. c5 e3 60. Qe7 Kg4 61. Qxe3 Kh5 62. c6 Kg4 63. c7 Kh5 64. c8Q Kg6 65. Qg8+ Kh5 66. Qeg5# 1-0

[Event "Titled Tuesday intern op 24th Sep Early"]
[Site "Chess.com INT"]
[Date "2024.09.24"]
[Round "10"]
[White "Wirig, Anthony"]
[Black "Voicu, Teodor Mihnea"]
[Result "1/2-1/2"]
[WhiteElo "2430"]
[BlackElo "2172"]
[PlyCount "220"]
[EventDate "2024.09.24"]
[EventType "swiss (blitz)"]
[EventRounds "11"]
[EventCountry "USA"]
[SourceTitle "EXT 2025"]
[Source "ChessBase"]
[SourceDate "2024.10.14"]
[SourceVersion "1"]
[SourceVersionDate "2024.10.14"]
[SourceQuality "1"]

1. d4 d5 2. Nf3 Nf6 3. c4 e6 4. g3 Be7 5. Bg2 0-0 6. 0-0 b6 7. cxd5 exd5 8. Nc3 Bb7 9. Bf4 a6 10. Rc1 Nbd7 11. Ne5 Bd6 12. Nd3 Qe7 13. Bxd6 Qxd6 14. e3 Rfe8 15. Nf4 Ne4 16. Qc2 Rac8 17. Rfd1 Ndf6 18. h3 h6 19. Nd3 Nd7 20. Nxe4 dxe4 21. Nf4 Nf6 22. a3 Red8 23. h4 g5 24. hxg5 hxg5 25. Ne2 Qe6 26. Nc3 Kg7 27. b4 Rh8 28. d5 Qe5 29. Nxe4 Bxd5 30. Nxf6 Bxg2 31. Kxg2 Qxf6 32. Qc3 c5 33. Qxf6+ Kxf6 34. Rd6+ Ke5 35. Rxb6 cxb4 36. Rxc8 Rxc8 37. axb4 Rc4 38. Kf3 g4+ 39. Ke2 f5 40. Kd3 Rc1 41. Rxa6 Rb1 42. Ra5+ Kf6 43. Rb5 Rb2 44. e4 fxe4+ 45. Kxe4 Rxf2 46. Rb6+ Ke7 47. Rg6 Rb2 48. Rxg4 Rxb4+ 49. Kf5 Rb6 50. Rg6 Rb5+ 51. Kg4 Kf7 52. Rg5 Rb4+ 53. Kh5 Rb1 54. Ra5 Rb6 55. Kg5 Rg6+ 56. Kh4 Rb6 57. g4 Kg6 58. Rg5+ Kh6 59. Rh5+ Kg7 60. Rc5 Rh6+ 61. Kg5 Rg6+ 62. Kf5 Rf6+ 63. Kg5 Rg6+ 64. Kh4 Rh6+ 65. Kg3 Rf6 66. Rg5+ Kf7 67. Ra5 Kg7 68. Rg5+ Rg6 69. Kh4 Kh6 70. Rb5 Rd6 71. Rb8 Kg6 72. Rg8+ Kh6 73. Re8 Rd4 74. Re6+ Kg7 75. Kh5 Rd5+ 76. g5 Rd1 77. Re7+ Kg8 78. Ra7 Rd6 79. Rb7 Re6 80. Rd7 Ra6 81. Rd5 Rc6 82. Rf5 Ra6 83. Rb5 Rc6 84. Rb8+ Kg7 85. Rb7+ Kg8 86. Kg4 Rc4+ 87. Kf5 Rc5+ 88. Kf6 Rc6+ 89. Ke5 Rc5+ 90. Kf4 Rc4+ 91. Kf5 Rc5+ 92. Kg4 Rc4+ 93. Kh5 Rc6 94. Rd7 Ra6 95. Rd5 Rc6 96. Rb5 Ra6 97. Kg4 Ra4+ 98. Kf5 Ra6 99. Re5 Rc6 100. Re8+ Kg7 101. Re7+ Kg8 102. g6 Rc1 103. Re8+ Kg7 104. Re7+ Kg8 105. Re4 Rf1+ 106. Kg5 Rg1+ 107. Kh6 Rh1+ 108. Kg5 Rg1+ 109. Kf6 Rf1+ 110. Kg5 Rg1+ 1/2-1/2

[Event "Titled Tuesday intern op 17th Sep Late"]
[Site "Chess,com INT"]
[Date "2024.09.17"]
[Round "5"]
[White "Voicu, Teodor Mihnea"]
[Black "Rupesh, Reddy Y"]
[Result "1-0"]
[WhiteElo "2172"]
[BlackElo "2227"]
[PlyCount "65"]
[EventDate "2024.09.17"]
[EventType "swiss (blitz)"]
[EventRounds "11"]
[EventCountry "USA"]
[SourceTitle "EXT 2025"]
[Source "ChessBase"]
[SourceDate "2024.10.14"]
[SourceVersion "1"]
[SourceVersionDate "2024.10.14"]
[SourceQuality "1"]

1. d4 d5 2. c4 Nf6 3. cxd5 Nxd5 4. e4 Nf6 5. Nc3 e5 6. d5 Bd6 7. Bd3 Nbd7 8. Nge2 a6 9. 0-0 0-0 10. h3 Nc5 11. Bc2 b5 12. a3 Bd7 13. b4 Nb7 14. Be3 Rc8 15. Bd3 c5 16. dxc6 Bxc6 17. Qb3 Qe7 18. Rad1 Rfd8 19. Ng3 a5 20. Nf5 Qf8 21. Nxd6 Nxd6 22. Bc5 a4 23. Qb2 Qe8 24. Qe2 Nb7 25. Bb6 Rd7 26. Bxb5 Bxb5 27. Nxb5 Rxd1 28. Rxd1 Qc6 29. Na7 Qc2 30. Qxc2 Rxc2 31. f3 Rc3 32. Nb5 Rb3 33. Bc7 1-0

[Event "Titled Tuesday intern op 13th Aug Early"]
[Site "Chess.com INT"]
[Date "2024.08.13"]
[Round "6"]
[White "Souleidis, Georgios"]
[Black "Voicu, Teodor Mihnea"]
[Result "0-1"]
[WhiteElo "2418"]
[BlackElo "2145"]
[PlyCount "92"]
[EventDate "2024.08.13"]
[EventType "swiss (blitz)"]
[EventRounds "11"]
[EventCountry "USA"]
[SourceTitle "EXT 2025"]
[Source "ChessBase"]
[SourceDate "2024.10.14"]
[SourceVersion "1"]
[SourceVersionDate "2024.10.14"]
[SourceQuality "1"]

1. e4 c5 2. Be2 Nc6 3. d3 g6 4. f4 Bg7 5. Nf3 d6 6. 0-0 Nf6 7. c3 0-0 8. Kh1 Rb8 9. Be3 b5 10. a3 a5 11. Nbd2 b4 12. d4 cxd4 13. cxd4 bxa3 14. bxa3 d5 15. e5 Ng4 16. Bg1 Nh6 17. Rc1 Bd7 18. Nb3 Nf5 19. Nc5 e6 20. Bd3 Nfe7 21. Bf2 Be8 22. Bh4 Qb6 23. Rb1 Qa7 24. Bf6 Rxb1 25. Qxb1 Nxd4 26. Nxd4 Qxc5 27. Nb3 Qa7 28. Nxa5 Ba4 29. Qb4 Nc6 30. Nxc6 Bxc6 31. Bxg7 Kxg7 32. Rc1 Rb8 33. Qc3 Bb5 34. Bxb5 Rxb5 35. Ra1 Qa4 36. Qd2 Rb3 37. Qc1 d4 38. h4 h5 39. Kh2 d3 40. g3 Qd4 41. Ra2 Rc3 42. Qd2 Qc4 43. Kh3 Rc2 44. Rxc2 dxc2 45. Qc1 Qe2 46. a4 Qd1 0-1

[Event "Titled Tuesday intern op 13th Aug Early"]
[Site "Chess.com INT"]
[Date "2024.08.13"]
[Round "10"]
[White "Travkina, Anastasia"]
[Black "Voicu, Teodor Mihnea"]
[Result "0-1"]
[WhiteElo "2202"]
[BlackElo "2145"]
[PlyCount "80"]
[EventDate "2024.08.13"]
[EventType "swiss (blitz)"]
[EventRounds "11"]
[EventCountry "USA"]
[SourceTitle "EXT 2025"]
[Source "ChessBase"]
[SourceDate "2024.10.14"]
[SourceVersion "1"]
[SourceVersionDate "2024.10.14"]
[SourceQuality "1"]

1. e4 c5 2. Nf3 Nc6 3. d4 cxd4 4. Nxd4 d6 5. Nc3 Nf6 6. Bg5 e6 7. Qd2 Be7 8. 0-0-0 a6 9. f4 Bd7 10. Be2 Qc7 11. g4 Rc8 12. Kb1 b5 13. Bf3 Na5 14. Qe2 Nc4 15. e5 dxe5 16. Nb3 b4 17. Ne4 Nxe4 18. Bxe7 Na3+ 19. Ka1 Nxc2+ 20. Kb1 Na3+ 21. Ka1 Nc3 22. bxc3 Qxc3+ 23. Qb2 Kxe7 24. Be4 exf4 25. Rc1 Qxb2+ 26. Kxb2 Bb5 27. Nd4 Nc4+ 28. Kb3 Nd2+ 29. Kxb4 Nxe4 30. a4 Bd7 31. Ka5 e5 32. Nf3 f6 33. h3 Rc5+ 34. Kxa6 Bxa4 35. Rxc5 Nxc5+ 36. Kb6 Ne6 37. Ra1 Bd7 38. Ra7 Rb8+ 39. Ka6 Kd6 40. g5 Nc5+ 0-1

[Event "Titled Tuesday intern op 13th Aug Early"]
[Site "Chess.com INT"]
[Date "2024.08.13"]
[Round "2"]
[White "Voicu, Teodor Mihnea"]
[Black "Smirnova, Polina A"]
[Result "1-0"]
[WhiteElo "2145"]
[BlackElo "1963"]
[PlyCount "67"]
[EventDate "2024.08.13"]
[EventType "swiss (blitz)"]
[EventRounds "11"]
[EventCountry "USA"]
[SourceTitle "EXT 2025"]
[Source "ChessBase"]
[SourceDate "2024.10.14"]
[SourceVersion "1"]
[SourceVersionDate "2024.10.14"]
[SourceQuality "1"]

1. d4 d5 2. c4 c6 3. Nc3 e6 4. cxd5 exd5 5. Bf4 Nf6 6. e3 Bd6 7. Nge2 Bg4 8. f3 Be6 9. Bxd6 Qxd6 10. Nf4 0-0 11. Bd3 Nbd7 12. 0-0 Rfe8 13. Qd2 Rad8 14. Rae1 Nb6 15. b3 h6 16. Bb1 Bc8 17. Nd3 a5 18. Ne5 Nbd7 19. f4 Re7 20. Qf2 Qb4 21. Rc1 Rde8 22. Qh4 Nb6 23. g4 Rxe5 24. fxe5 Nxg4 25. Rf3 Be6 26. h3 a4 27. hxg4 axb3 28. axb3 Qa3 29. Rcf1 Qxb3 30. Ne2 Qb2 31. Nf4 Nc4 32. Nxe6 fxe6 33. Qh5 Qd2 34. Qxe8# 1-0

[Event "Arad op 17th"]
[Site "Arad"]
[Date "2024.08.05"]
[Round "1"]
[White "Voicu, Teodor Mihnea"]
[Black "Petkov, Momchil"]
[Result "0-1"]
[WhiteElo "2145"]
[BlackElo "2518"]
[PlyCount "76"]
[EventDate "2024.08.05"]
[EventType "swiss"]
[EventRounds "9"]
[EventCountry "ROU"]
[SourceTitle "CBM 221 Extra"]
[Source "ChessBase"]
[SourceDate "2024.09.30"]
[SourceVersion "1"]
[SourceVersionDate "2024.09.30"]
[SourceQuality "1"]

1. d4 Nf6 2. c4 g6 3. Nc3 Bg7 4. e4 d6 5. Nf3 0-0 6. Be2 e5 7. 0-0 Na6 8. Re1 exd4 9. Nxd4 Nc5 10. Bf1 Ne6 11. Nc2 b6 12. g3 Bb7 13. Bg2 Nd7 14. Nd5 Ne5 15. Bf1 c6 16. Nc3 c5 17. Be3 f5 18. f4 Ng4 19. exf5 gxf5 20. Bg2 Bxg2 21. Kxg2 Bxc3 22. bxc3 Nf6 23. Bc1 Qd7 24. Ne3 Nc7 25. Qd3 Rae8 26. Bd2 Re4 27. Re2 Rfe8 28. Rae1 Qe6 29. h3 h5 30. Kf2 Kf7 31. a3 h4 32. Nf1 Qxc4 33. Qxc4+ Rxc4 34. Rxe8 Ncxe8 35. gxh4 Ne4+ 36. Kf3 Nxd2+ 37. Nxd2 Rxc3+ 38. Re3 Rxe3+ 0-1

[Event "Timisoara Foisor Memorial Rapid"]
[Site "Timisoara"]
[Date "2024.08.04"]
[Round "5"]
[White "Istratescu, Andrei"]
[Black "Voicu, Teodor Mihnea"]
[Result "1-0"]
[WhiteElo "2377"]
[BlackElo "2145"]
[PlyCount "49"]
[EventDate "2024.08.03"]
[EventType "swiss (rapid)"]
[EventRounds "9"]
[EventCountry "ROU"]
[SourceTitle "CBM 221 Extra"]
[Source "ChessBase"]
[SourceDate "2024.09.30"]
[SourceVersion "1"]
[SourceVersionDate "2024.09.30"]
[SourceQuality "1"]

1. d4 d5 2. c4 e6 3. Nc3 Nf6 4. Bg5 Be7 5. e3 0-0 6. Nf3 c6 7. Qc2 Nbd7 8. Bd3 dxc4 9. Bxc4 b5 10. Bd3 h6 11. Bxf6 Nxf6 12. 0-0 Bb7 13. Ne4 Nxe4 14. Bxe4 Bd6 15. Nd2 Qc7 16. g3 e5 17. Nb3 exd4 18. exd4 Rfe8 19. Rac1 Rac8 20. Rfe1 Bb4 21. Re3 Be7 22. Rce1 Rcd8 23. Bg2 Kf8 24. Qh7 f6 25. Bf3 1-0

[Event "Titled Tuesday intern op 30th Jul Late"]
[Site "Chess.com INT"]
[Date "2024.07.30"]
[Round "5"]
[White "Bilan, Danila"]
[Black "Voicu, Teodor Mihnea"]
[Result "0-1"]
[WhiteElo "2303"]
[BlackElo "2145"]
[PlyCount "126"]
[EventDate "2024.07.30"]
[EventType "swiss (blitz)"]
[EventRounds "11"]
[EventCountry "USA"]
[SourceTitle "EXT 2025"]
[Source "ChessBase"]
[SourceDate "2024.10.14"]
[SourceVersion "1"]
[SourceVersionDate "2024.10.14"]
[SourceQuality "1"]

1. d4 Nf6 2. Nf3 e6 3. g3 d5 4. Bg2 Bd6 5. 0-0 0-0 6. c4 Nbd7 7. Qc2 c6 8. Nbd2 b6 9. e4 dxe4 10. Nxe4 Nxe4 11. Qxe4 Bb7 12. Bg5 Qc7 13. Rac1 c5 14. Qe2 h6 15. Be3 Rac8 16. Rfd1 Rfd8 17. b3 Nf6 18. dxc5 Bxc5 19. Bxc5 Qxc5 20. Rxd8+ Rxd8 21. Rd1 Rxd1+ 22. Qxd1 Ne4 23. Qe2 Qa5 24. Qc2 g5 25. h3 h5 26. Kh2 Qc5 27. Nxg5 Qxg5 28. Bxe4 Bxe4 29. Qxe4 Qd2 30. Kg2 Qxa2 31. Qf3 a5 32. h4 Kg7 33. Qe3 a4 34. bxa4 Qxc4 35. Qe5+ Kg8 36. Qb8+ Kg7 37. Qxb6 Qxa4 38. Qe3 Qb5 39. Qe4 Qc5 40. Kf3 Qc3+ 41. Qe3 Qc6+ 42. Ke2 Qd5 43. Qf4 Kg6 44. Qe3 Qa2+ 45. Qd2 Qxd2+ 46. Kxd2 Kf5 47. Ke3 Kg4 48. Ke4 f6 49. Ke3 f5 50. Ke2 e5 51. Ke3 e4 52. Kd4 Kf3 53. Ke5 Kxf2 54. Kxf5 e3 55. g4 e2 56. gxh5 e1Q 57. h6 Qe7 58. Kg6 Qf8 59. Kh7 Kg3 60. h5 Kg4 61. Kg6 Qg8+ 62. Kf6 Kxh5 63. h7 Qxh7 0-1

[Event "Titled Tuesday intern op 30th Jul Late"]
[Site "Chess.com INT"]
[Date "2024.07.30"]
[Round "6"]
[White "Kleiman, Jake"]
[Black "Voicu, Teodor Mihnea"]
[Result "1-0"]
[WhiteElo "2399"]
[BlackElo "2145"]
[PlyCount "101"]
[EventDate "2024.07.30"]
[EventType "swiss (blitz)"]
[EventRounds "11"]
[EventCountry "USA"]
[SourceTitle "EXT 2025"]
[Source "ChessBase"]
[SourceDate "2024.10.14"]
[SourceVersion "1"]
[SourceVersionDate "2024.10.14"]
[SourceQuality "1"]

1. e4 c5 2. c3 Nf6 3. e5 Nd5 4. Bc4 Nb6 5. Bb3 Nc6 6. Nf3 d6 7. exd6 Qxd6 8. 0-0 g6 9. d4 cxd4 10. Nxd4 Nxd4 11. cxd4 Bg7 12. Be3 0-0 13. Nc3 Bf5 14. Qf3 Qd7 15. h3 Rac8 16. Rad1 Nc4 17. Bc1 a6 18. Rfe1 b5 19. g4 b4 20. Na4 Qa7 21. gxf5 Bxd4 22. Re2 Rfd8 23. Rde1 Bf6 24. fxg6 hxg6 25. Qg3 Kg7 26. Bg5 Nd6 27. Rxe7 Bxe7 28. Rxe7 Rd7 29. Qe5+ Kh7 30. Rxd7 Qxd7 31. Nb6 Qxh3 32. Nxc8 Qg4+ 33. Qg3 Qxg3+ 34. fxg3 Nxc8 35. Bxf7 Nd6 36. Bd5 Nf5 37. Kf2 Kg7 38. Kf3 Nd4+ 39. Ke4 Ne2 40. g4 Nc1 41. Kd4 Ne2+ 42. Kd3 Ng1 43. Bf4 Nh3 44. Be3 g5 45. Ke4 Kf6 46. Bc4 a5 47. Bf1 Nf4 48. Bxf4 gxf4 49. Kxf4 a4 50. g5+ Kg6 51. Bd3+ 1-0

[Event "Titled Tuesday intern op 30th Jul Late"]
[Site "Chess.com INT"]
[Date "2024.07.30"]
[Round "7"]
[White "Voicu, Teodor Mihnea"]
[Black "Novikov, Evgenij"]
[Result "1-0"]
[WhiteElo "2145"]
[BlackElo "2276"]
[PlyCount "141"]
[EventDate "2024.07.30"]
[EventType "swiss (blitz)"]
[EventRounds "11"]
[EventCountry "USA"]
[SourceTitle "EXT 2025"]
[Source "ChessBase"]
[SourceDate "2024.10.14"]
[SourceVersion "1"]
[SourceVersionDate "2024.10.14"]
[SourceQuality "1"]

1. Nf3 d6 2. c4 c6 3. b3 Nd7 4. Bb2 h6 5. d4 g5 6. Nc3 Bg7 7. e4 Nf8 8. h3 Ng6 9. g3 g4 10. hxg4 Bxg4 11. Be2 h5 12. Ng5 Bxe2 13. Nxe2 e6 14. Nf3 h4 15. gxh4 Nxh4 16. Nxh4 Rxh4 17. Rxh4 Qxh4 18. Ng3 Nf6 19. Qf3 0-0-0 20. 0-0-0 Rh8 21. Kb1 Qg4 22. Qxg4 Nxg4 23. f3 Nf2 24. Rd2 Nh1 25. Nf1 Rh3 26. Rh2 Rxh2 27. Nxh2 Nf2 28. Kc2 Nh3 29. Bc3 Ng5 30. Kd3 c5 31. dxc5 Bxc3 32. Kxc3 dxc5 33. Kd3 Kd7 34. f4 Nh7 35. e5 f5 36. Nf3 Nf8 37. Nh4 a6 38. a3 Kc6 39. b4 cxb4 40. axb4 b5 41. Kd4 Kb6 42. cxb5 Kxb5 43. Kc3 Nd7 44. Nf3 Kc6 45. Kc4 Nb6+ 46. Kb3 Kd5 47. Ng5 Nc8 48. Ka4 Ne7 49. Ka5 Nc6+ 50. Ka4 Nd4 51. Ka5 Kc4 52. Kxa6 Kxb4 53. Kb6 Kc4 54. Kc7 Kd5 55. Kd7 Ne2 56. Nxe6 Ke4 57. Kd6 Ng3 58. Nc5+ Kxf4 59. e6 Nh5 60. e7 Ng7 61. Ne6+ Nxe6 62. Kxe6 Kg4 63. e8Q f4 64. Qg6+ Kf3 65. Kf5 Ke3 66. Qg5 Ke2 67. Qxf4 Kd3 68. Ke5 Ke2 69. Kd4 Kd1 70. Qh2 Ke1 71. Ke3 1-0

[Event "Titled Tuesday intern op 23rd Jul Late"]
[Site "Chess.com INT"]
[Date "2024.07.23"]
[Round "4"]
[White "Dias, Simao Poscidonio"]
[Black "Voicu, Teodor Mihnea"]
[Result "1-0"]
[WhiteElo "2102"]
[BlackElo "2145"]
[PlyCount "101"]
[EventDate "2024.07.23"]
[EventType "swiss (blitz)"]
[EventRounds "11"]
[EventCountry "USA"]
[SourceTitle "EXT 2025"]
[Source "ChessBase"]
[SourceDate "2024.10.14"]
[SourceVersion "1"]
[SourceVersionDate "2024.10.14"]
[SourceQuality "1"]

1. e4 c5 2. Nf3 Nc6 3. d4 cxd4 4. Nxd4 d6 5. Nc3 g6 6. Be3 Bg7 7. Be2 Nf6 8. 0-0 0-0 9. Nb3 a6 10. a4 Be6 11. a5 Rc8 12. Bb6 Qd7 13. Nd4 Nxd4 14. Qxd4 Ng4 15. Qd2 Ne5 16. Bd4 Qc6 17. f4 Nc4 18. Bxc4 Qxc4 19. Bxg7 Kxg7 20. Rf3 Rc5 21. Ra4 Rfc8 22. Rxc4 Rxc4 23. f5 Bd7 24. f6+ exf6 25. Qxd6 Be6 26. e5 fxe5 27. Qxe5+ Kg8 28. h3 R4c5 29. Qd4 Rxa5 30. Ne4 Ra1+ 31. Kh2 h6 32. Nf6+ Kf8 33. c3 Rb1 34. b4 Rb2 35. Qe3 Kg7 36. Qe5 Kf8 37. Ne4 Kg8 38. Nc5 Bc4 39. Qf4 Bd5 40. Rg3 Re8 41. Qxh6 Ree2 42. Qg5 Bc6 43. Nd3 Rb1 44. Ne5 Ree1 45. Rd3 Rh1+ 46. Kg3 Be4 47. Rd8+ Kg7 48. Ng4 Rxh3+ 49. Kxh3 Rh1+ 50. Kg3 Rf1 51. Qh6# 1-0

[Event "Titled Tuesday intern op 23rd Jul Late"]
[Site "Chess.com INT"]
[Date "2024.07.23"]
[Round "3"]
[White "Voicu, Teodor Mihnea"]
[Black "Gelman, Alexander"]
[Result "0-1"]
[WhiteElo "2145"]
[BlackElo "2403"]
[PlyCount "70"]
[EventDate "2024.07.23"]
[EventType "swiss (blitz)"]
[EventRounds "11"]
[EventCountry "USA"]
[SourceTitle "EXT 2025"]
[Source "ChessBase"]
[SourceDate "2024.10.14"]
[SourceVersion "1"]
[SourceVersionDate "2024.10.14"]
[SourceQuality "1"]

1. d4 Nf6 2. c4 c5 3. d5 b5 4. cxb5 a6 5. b6 d6 6. Nc3 Nbd7 7. Nf3 g6 8. e4 Bg7 9. h3 0-0 10. Be2 Nxb6 11. 0-0 e6 12. dxe6 Bxe6 13. Be3 Re8 14. e5 Nfd5 15. Nxd5 Nxd5 16. Bg5 f6 17. Bc4 dxe5 18. Bh4 e4 19. Nd2 Nb4 20. Qb3 Bxc4 21. Nxc4 Qd3 22. Nb6+ Qxb3 23. axb3 Rad8 24. Rfc1 Nd3 25. Rc3 g5 26. Bg3 f5 27. Rc2 f4 28. Bh2 Nxb2 29. h4 h6 30. hxg5 hxg5 31. f3 e3 32. Kh1 e2 33. Re1 Rd1 34. Rc1 Rxc1 35. Rxc1 e1Q+ 0-1